[Event "Sparkassen-Open B"]
[Site "Heusenstamm, Martinsee"]
[Date "2018.11.24"]
[Round "5.2"]
[White "Bigott, Martin"]
[Black "Wirtjes, Edzard"]
[Result "1/2-1/2"]
[WhiteElo "1752"]
[BlackElo "1705"]
[PlyCount "83"]
[EventDate "2018.??.??"]
[WhiteTeam "SF Lohmar"]
[BlackTeam "VfR Heisfelde"]

1. Nf3 c5 2. g3 Nf6 3. Bg2 g6 4. c3 Bg7 5. d4 cxd4 6. cxd4 d5 7. O-O O-O 8. Nc3
h6 9. Ne5 e6 10. e3 Nbd7 11. Nd3 Nb6 12. b3 Bd7 13. Ba3 Re8 14. Rc1 Bc6 15. Ne5
Rc8 16. Rc2 a6 17. Qd3 Nbd7 18. Nxc6 Rxc6 19. Rfc1 Nb8 20. Bc5 b5 21. Ba7 Nfd7
22. Ne2 Rxc2 23. Qxc2 Bf8 24. Qc7 Qxc7 25. Rxc7 Bd6 26. Rb7 Rc8 27. Nf4 Kf8 28.
Nd3 Rc2 29. Bxb8 Nxb8 30. a4 bxa4 31. bxa4 Kg7 32. Bf1 Rc8 33. Ne5 Bxe5 34.
dxe5 Kf8 35. Rb6 Nd7 36. Rxa6 Nxe5 37. Kg2 Rc7 38. Ra8+ Ke7 39. a5 Nc4 40. a6
Kf6 41. Rb8 Ra7 42. Rb4 1/2-1/2

[Event "Sparkassen-Open B"]
[Site "Heusenstamm, Martinsee"]
[Date "2018.11.24"]
[Round "5.3"]
[White "Björknes, Uwe"]
[Black "Schomann, Michael"]
[Result "1-0"]
[WhiteElo "1740"]
[BlackElo "1680"]
[PlyCount "47"]
[EventDate "2018.??.??"]
[WhiteTeam "SK Bad Homburg"]
[BlackTeam "TSV Kücknitz"]

1. e4 c5 2. Nf3 d6 3. c4 Nf6 4. Nc3 e6 5. d4 cxd4 6. Nxd4 a6 7. Be2 Nc6 8. Be3
Be7 9. O-O O-O 10. f4 e5 11. Nxc6 bxc6 12. fxe5 dxe5 13. Qc2 Bg4 14. Rxf6 Bxe2
15. Rxc6 Bd3 16. Qa4 Bg5 17. Bc5 Be7 18. Bb6 Qd7 19. Rd1 Bd8 20. Bc5 Be7 21.
Bxe7 Qd4+ 22. Kh1 Qf2 23. Bc5 Qxb2 24. Rxd3 1-0

[Event "Sparkassen-Open B"]
[Site "Heusenstamm, Martinsee"]
[Date "2018.11.24"]
[Round "5.4"]
[White "Jagadeesh, Balakrishnan"]
[Black "Floren, Dieter"]
[Result "1-0"]
[WhiteElo "1657"]
[BlackElo "1715"]
[PlyCount "99"]
[EventDate "2018.??.??"]
[WhiteTeam "Singapore"]
[BlackTeam "Hamburger SK"]
[WhiteTeamCountry "SIN"]

1. Nf3 Nf6 2. c4 c6 3. d4 g6 4. g3 Bg7 5. Bg2 d6 6. O-O O-O 7. Nc3 Nbd7 8. e4
e5 9. d5 c5 10. a3 Ne8 11. b4 f5 12. Ng5 Nc7 13. Ne6 Nxe6 14. dxe6 Nb6 15. bxc5
Nxc4 16. exf5 e4 17. Qd5 Qe7 18. Qxc4 Rxf5 19. Bd2 Bxe6 20. Qxe4 Re5 21. Qxb7
Qxb7 22. Bxb7 Rb8 23. c6 Rc5 24. Rac1 Bc8 25. Bxc8 Rxc8 26. Ne4 R5xc6 27. Rxc6
Rxc6 28. Rc1 Ra6 29. Bb4 d5 30. Nd6 Bb2 31. Rc8+ Kg7 32. Nb5 d4 33. Rd8 Kf6 34.
Rd6+ Rxd6 35. Nxd6 Ke6 36. Ne4 Kd5 37. f3 Kc4 38. Kf1 Bc3 39. Ke2 a5 40. Nd2+
Kb5 41. Bxc3 dxc3 42. Ne4 Kc4 43. Kd1 Kb3 44. Kc1 a4 45. g4 c2 46. f4 Kxa3 47.
Kxc2 Ka2 48. f5 Ka1 49. f6 h5 50. f7 1-0

[Event "Sparkassen-Open B"]
[Site "Heusenstamm, Martinsee"]
[Date "2018.11.24"]
[Round "5.5"]
[White "Lohia, Sohum"]
[Black "Kosak, Matjaz"]
[Result "1/2-1/2"]
[WhiteElo "1562"]
[BlackElo "1786"]
[PlyCount "70"]
[EventDate "2018.??.??"]
[WhiteTeam "Wetherby"]
[BlackTeam "SV Frankfurt Nord"]

1. e4 d6 2. c4 Nf6 3. Nc3 g6 4. g3 Bg7 5. Bg2 O-O 6. d3 c5 7. Nge2 Nc6 8. O-O
Bg4 9. h3 Bd7 10. Rb1 Qc8 11. Kh2 h5 12. Be3 Rb8 13. a3 a5 14. f4 Kh7 15. Nd5
b5 16. b3 b4 17. a4 Ne8 18. Bc1 e6 19. Ne3 e5 20. Bb2 Bh6 21. Nd5 f5 22. fxe5
dxe5 23. Bc1 g5 24. exf5 Rxf5 25. Be4 Kg7 26. Bxf5 Bxf5 27. h4 g4 28. Bxh6+
Kxh6 29. Qd2+ Kh7 30. Rf2 Qe6 31. Rbf1 Ng7 32. Qg5 Rf8 33. Qe3 Qd6 34. Qg5 Qg6
35. Qe3 Qd6 1/2-1/2

[Event "Sparkassen-Open B"]
[Site "Heusenstamm, Martinsee"]
[Date "2018.11.24"]
[Round "5.6"]
[White "Hegel, Jonas"]
[Black "Lasschuit, Rene"]
[Result "1/2-1/2"]
[WhiteElo "1741"]
[BlackElo "1738"]
[PlyCount "75"]
[EventDate "2018.??.??"]
[WhiteTeam "SC Peiting"]
[BlackTeam "SV Berolina Mitte"]

1. e4 c5 2. Nc3 e6 3. f4 d5 4. Nf3 dxe4 5. Nxe4 Nf6 6. Ng3 Qc7 7. Bb5+ Bd7 8.
Bxd7+ Nbxd7 9. f5 exf5 10. Qe2+ Kd8 11. Nxf5 g6 12. Ng5 Nb6 13. Ng3 Bd6 14. O-O
h6 15. Ne6+ fxe6 16. Rxf6 Nd5 17. Rf3 Nf4 18. Qf2 Rf8 19. d3 Ke7 20. Bxf4 Rxf4
21. Rxf4 Bxf4 22. Rf1 Rf8 23. Kh1 Qc8 24. Ne4 b6 25. h3 Be5 26. Qxf8+ Qxf8 27.
Rxf8 Kxf8 28. c3 Ke7 29. g3 Kd7 30. Kg2 Kc6 31. Kf3 b5 32. Ke3 Kd5 33. h4 b4
34. g4 a5 35. g5 hxg5 36. hxg5 a4 37. Nf6+ Kd6 38. Ne4+ 1/2-1/2

[Event "Sparkassen-Open B"]
[Site "Heusenstamm, Martinsee"]
[Date "2018.11.24"]
[Round "5.7"]
[White "Bengsch, Norbert"]
[Black "Hofmann, Werner"]
[Result "1/2-1/2"]
[WhiteElo "1763"]
[BlackElo "1685"]
[PlyCount "56"]
[EventDate "2018.??.??"]
[WhiteTeam "SG Donautal Tuttlingen"]
[BlackTeam "SV Kelsterbach"]

1. b3 d5 2. Bb2 Bf5 3. e3 e6 4. Nf3 Nf6 5. d4 Nbd7 6. Bd3 Bxd3 7. Qxd3 Ne4 8.
O-O Bd6 9. c4 c6 10. Nbd2 f5 11. Ne5 Nxd2 12. Qxd2 Qh4 13. g3 Qf6 14. f4 Qe7
15. Nxd7 Qxd7 16. Rfc1 Qf7 17. a4 Be7 18. Ba3 Bxa3 19. Rxa3 Qe7 20. c5 g5 21.
b4 a6 22. Rca1 h5 23. Kg2 h4 24. Rh1 hxg3 25. hxg3 Kd7 26. Raa1 Qg7 27. Rxh8
Rxh8 28. Rh1 Rxh1 1/2-1/2

[Event "Sparkassen-Open B"]
[Site "Heusenstamm, Martinsee"]
[Date "2018.11.24"]
[Round "5.8"]
[White "Becker, Ralph"]
[Black "Werner, Tom"]
[Result "1/2-1/2"]
[WhiteElo "1745"]
[BlackElo "1693"]
[PlyCount "55"]
[EventDate "2018.??.??"]
[WhiteTeam "SC Paimar"]
[BlackTeam "VSG Offenbach"]

1. Nf3 d5 2. g3 Nf6 3. Bg2 c5 4. O-O Nc6 5. d3 Bg4 6. Nbd2 e5 7. c3 Bd6 8. Qc2
O-O 9. e4 d4 10. c4 h6 11. h3 Be6 12. Ne1 Qd7 13. Kh2 Nh5 14. Qd1 g6 15. Ndf3
Kh7 16. Ng1 f6 17. f4 exf4 18. gxf4 Nxf4 19. Bxf4 Bxf4+ 20. Kh1 Be3 21. Nef3
Rf7 22. a3 f5 23. Nh4 f4 24. Qe1 Ne5 25. Qe2 g5 26. Nf5 Rxf5 27. exf5 Bxf5 28.
Rad1 1/2-1/2

[Event "Sparkassen-Open B"]
[Site "Heusenstamm, Martinsee"]
[Date "2018.11.24"]
[Round "5.9"]
[White "Michel, Carsten"]
[Black "John, Volkmar"]
[Result "1/2-1/2"]
[WhiteElo "1653"]
[BlackElo "1737"]
[PlyCount "41"]
[EventDate "2018.??.??"]
[WhiteTeam "SC Flörsheim"]
[BlackTeam "SK Herborn"]

1. d4 d5 2. c4 e6 3. Nc3 c5 4. cxd5 exd5 5. Nf3 Nc6 6. g3 Nf6 7. Bg2 Be7 8. O-O
O-O 9. Bg5 c4 10. e3 Be6 11. Qe2 Re8 12. Rfd1 Qa5 13. Bxf6 Bxf6 14. Ne1 Rad8
15. Nc2 Nb4 16. Nxb4 Qxb4 17. Qd2 a6 18. Nxd5 Qxd2 19. Nxf6+ gxf6 20. Rxd2 Bd5
21. Bxd5 1/2-1/2

[Event "Sparkassen-Open B"]
[Site "Heusenstamm, Martinsee"]
[Date "2018.11.24"]
[Round "5.10"]
[White "Draxler, Gottfried"]
[Black "Gräf, Jakob"]
[Result "1-0"]
[WhiteElo "1767"]
[BlackElo "1520"]
[PlyCount "151"]
[EventDate "2018.??.??"]
[WhiteTeam "SF Neuberg"]
[BlackTeam "SV Frankfurt Nord"]

1. c4 c6 2. g3 d5 3. cxd5 cxd5 4. Bg2 Bf5 5. e3 e6 6. Ne2 Nf6 7. Nbc3 Bb4 8.
O-O O-O 9. Nd4 Bd3 10. Re1 e5 11. Nc2 Bxc3 12. dxc3 e4 13. Nb4 Bc4 14. b3 Bb5
15. a4 Bc6 16. Ba3 Re8 17. Qc2 a5 18. Na2 b5 19. axb5 Bxb5 20. Qd2 Nc6 21. Red1
Bd3 22. Nc1 Ne5 23. Nxd3 Nxd3 24. Bf1 Ne5 25. Kg2 Nf3 26. Qc2 Ng4 27. Be2 Ngxh2
28. Rh1 Re6 29. Rxh2 Nxh2 30. Kxh2 Rh6+ 31. Kg2 Qd7 32. Rh1 Rxh1 33. Kxh1 Rb8
34. Qd1 Rb6 35. Bf1 Qf5 36. Kg1 Rf6 37. Qd2 Rh6 38. c4 Qh5 39. Bg2 Qe5 40. Bb2
Qb8 41. Qd4 Rg6 42. Qc3 dxc4 43. Qxc4 Rb6 44. Qc3 f6 45. Qxa5 Rxb3 46. Qd5+ Kh8
47. Bd4 Rb1+ 48. Kh2 Rb5 49. Qxe4 Rh5+ 50. Kg1 Rb5 51. Bf3 Qd8 52. Be2 Rb8 53.
Bd3 g6 54. Qf4 Rb6 55. g4 Kg8 56. Bc4+ Kf8 57. Qh6+ Ke8 58. Qxh7 Rb1+ 59. Bf1
Rb4 60. Qxg6+ Kd7 61. Qf5+ Ke8 62. Qe6+ Kf8 63. Bc5+ Kg7 64. Bxb4 Qa8 65. Qe7+
Kg6 66. Bd3+ Kg5 67. Qg7+ Kh4 68. Qxf6+ Kh3 69. Qh6+ Kxg4 70. Qf4+ Kh5 71. Qf5+
Kh6 72. Bf8+ Qxf8 73. Qxf8+ Kh5 74. Qf5+ Kh4 75. Qg6 Kh3 76. Qg3# 1-0

[Event "Sparkassen-Open B"]
[Site "Heusenstamm, Martinsee"]
[Date "2018.11.24"]
[Round "5.11"]
[White "Kirchmann, Sascha"]
[Black "Bastian, Ben"]
[Result "1-0"]
[WhiteElo "1774"]
[BlackElo "1592"]
[PlyCount "51"]
[EventDate "2018.??.??"]
[WhiteTeam "SC Obertshausen"]
[BlackTeam "SC Herborn"]

1. e4 c6 2. d4 d5 3. e5 Bf5 4. Ne2 e6 5. Ng3 Bg6 6. h4 h6 7. h5 Bh7 8. Bd3 Bxd3
9. cxd3 Nd7 10. Be3 Bb4+ 11. Nd2 Rc8 12. Qg4 Bf8 13. O-O Ne7 14. f4 f5 15. exf6
Nxf6 16. Qxe6 Qd7 17. f5 Rd8 18. Bf4 Qxe6 19. fxe6 Nc8 20. Bc7 Bd6 21. Bxd8
Kxd8 22. Nf5 Bf8 23. Nf3 Nd6 24. Ne5 Kc7 25. e7 Nxf5 26. exf8=Q 1-0

[Event "Sparkassen-Open B"]
[Site "Heusenstamm, Martinsee"]
[Date "2018.11.24"]
[Round "5.12"]
[White "Hoppstädter, Daniel"]
[Black "Illenberger, Dirk"]
[Result "1-0"]
[WhiteElo "1274"]
[BlackElo "1704"]
[PlyCount "53"]
[EventDate "2018.??.??"]
[WhiteTeam "Kirkel"]
[BlackTeam "Berkershm"]

1. e4 c5 2. Nf3 e6 3. d4 cxd4 4. Nxd4 Nc6 5. Nc3 Bb4 6. Nxc6 bxc6 7. Bd2 d5 8.
Bd3 Ne7 9. O-O d4 10. Ne2 Bxd2 11. Qxd2 O-O 12. e5 Ng6 13. Bxg6 hxg6 14. Qxd4
Qc7 15. Nc3 Rd8 16. Qf4 Rb8 17. b3 Qa5 18. Ne4 Rd5 19. Nd6 Qc7 20. Rad1 Ba6 21.
c4 Rxd1 22. Rxd1 Rf8 23. Rd3 Qa5 24. h3 Qxa2 25. Rf3 Qa5 26. Nxf7 Qc7 27. Nh6+
1-0

[Event "Sparkassen-Open B"]
[Site "Heusenstamm, Martinsee"]
[Date "2018.11.24"]
[Round "5.13"]
[White "Wohlrabe, Jörg"]
[Black "Sacher, Dieter"]
[Result "1-0"]
[WhiteElo "1772"]
[BlackElo "1617"]
[PlyCount "89"]
[EventDate "2018.??.??"]
[WhiteTeam "SV Gifhorn"]
[BlackTeam "SV Neu-Isenburg"]

1. e4 c5 2. Nf3 Nc6 3. d4 cxd4 4. Nxd4 Nf6 5. Nc3 e5 6. Nxc6 bxc6 7. Bd3 Be7 8.
O-O d5 9. exd5 cxd5 10. Bg5 O-O 11. Bxf6 Bxf6 12. Nxd5 Be6 13. Nxf6+ Qxf6 14.
c3 Rab8 15. Qc2 g6 16. b3 Qg5 17. Qc1 Qd8 18. Rd1 Qc7 19. c4 f5 20. f3 Qc5+ 21.
Kh1 Rfd8 22. Qc2 Rd4 23. h3 Rbd8 24. Be2 Qc8 25. Rxd4 Rxd4 26. Rd1 f4 27. Rxd4
exd4 28. Bd3 Kg7 29. Qe2 Bxh3 30. Qe5+ Kg8 31. Qxd4 Bf5 32. Qd5+ Be6 33. Qe5
Qd7 34. Be4 Qf7 35. Bd5 Bxd5 36. Qxd5 Qxd5 37. cxd5 Kf7 38. Kh2 Ke7 39. Kh3 Kd6
40. Kg4 Kxd5 41. Kxf4 h6 42. Ke3 Kc5 43. a3 a5 44. Ke4 h5 45. Kf4 1-0

[Event "Sparkassen-Open B"]
[Site "Heusenstamm, Martinsee"]
[Date "2018.11.24"]
[Round "5.14"]
[White "Goodwin, David"]
[Black "Schwenk, Stefan"]
[Result "0-1"]
[WhiteElo "1549"]
[BlackElo "1755"]
[PlyCount "86"]
[EventDate "2018.??.??"]
[WhiteTeam "SV Kelsterbach"]
[BlackTeam "SK Geisenheim"]

1. Nf3 c5 2. g3 g6 3. Bg2 Bg7 4. d3 Nc6 5. a3 e6 6. Nbd2 Nge7 7. Rb1 d5 8. O-O
O-O 9. b4 b6 10. c4 a6 11. Qb3 Ra7 12. Bb2 d4 13. Ne4 f5 14. Ned2 Kh8 15. e3 e5
16. e4 f4 17. Bc1 Be6 18. Ng5 Bg8 19. Bh3 Qd6 20. Qd1 h6 21. Ngf3 cxb4 22. axb4
Nxb4 23. Ba3 a5 24. Ra1 Nec6 25. c5 bxc5 26. Nc4 Qe7 27. Nh4 Kh7 28. Qg4 Qg5
29. Qd1 Qf6 30. Nb2 Be6 31. Bxe6 Qxe6 32. Nc4 Raf7 33. f3 Bf6 34. Ng2 fxg3 35.
hxg3 Bg5 36. Bxb4 axb4 37. Qe2 Qh3 38. f4 exf4 39. gxf4 Bxf4 40. Nxf4 Rxf4 41.
Qg2 Rg4 42. Qxg4 Qxg4+ 43. Kh2 Rxf1 0-1

[Event "Sparkassen-Open B"]
[Site "Heusenstamm, Martinsee"]
[Date "2018.11.24"]
[Round "5.15"]
[White "Haas, Vanessa"]
[Black "Müller, Maximilian"]
[Result "1/2-1/2"]
[WhiteElo "1737"]
[BlackElo "1547"]
[PlyCount "115"]
[EventDate "2018.??.??"]
[WhiteTeam "SC FK Babenhausen"]
[BlackTeam "SC Eppelborn"]

1. e4 e6 2. d4 d5 3. exd5 exd5 4. Bd3 Nc6 5. c3 Bd6 6. h3 Nge7 7. Qc2 Ng6 8.
Nf3 Qe7+ 9. Qe2 Qxe2+ 10. Bxe2 Nf4 11. Bxf4 Bxf4 12. O-O O-O 13. Bd3 Re8 14.
Na3 a6 15. Rfe1 Bd7 16. Bc2 Be6 17. Re2 Re7 18. Rae1 Rae8 19. Bd3 Bd7 20. Rxe7
Rxe7 21. Rxe7 Nxe7 22. Nc2 Bf5 23. Bxf5 Nxf5 24. Nb4 c6 25. Nd3 Bc7 26. Nc5 Nd6
27. Kf1 f6 28. Ke2 Kf7 29. Nd2 Ke7 30. Kd3 Bb6 31. Na4 Ba7 32. b3 f5 33. f3 Nb5
34. g4 fxg4 35. hxg4 Kf6 36. f4 g5 37. Ke3 gxf4+ 38. Kxf4 Bb8+ 39. Kf3 Ba7 40.
Nf1 Na3 41. Ng3 b5 42. Nb2 Nb1 43. Ne2 Nd2+ 44. Ke3 Nf1+ 45. Kf2 Nh2 46. Kg3
Bb8+ 47. Nf4 Nf1+ 48. Kf3 Nd2+ 49. Ke3 Ne4 50. c4 Bxf4+ 51. Kxf4 Nc3 52. cxd5
cxd5 53. a4 Ne4 54. axb5 axb5 55. Nd3 Nd2 56. Nc5 h6 57. Nd7+ Ke7 58. Nc5
1/2-1/2

[Event "Sparkassen-Open B"]
[Site "Heusenstamm, Martinsee"]
[Date "2018.11.24"]
[Round "5.16"]
[White "Michels, Fabio"]
[Black "Wöhl, Torsten"]
[Result "1/2-1/2"]
[WhiteElo "1727"]
[BlackElo "1529"]
[PlyCount "52"]
[EventDate "2018.??.??"]
[WhiteTeam "SG Mörsdorf-Lahr"]
[BlackTeam "SC Groß-Zimmern"]

1. c4 e6 2. g3 Nf6 3. Bg2 Nc6 4. Nc3 Bc5 5. e3 a6 6. d4 Ba7 7. Nge2 e5 8. O-O
O-O 9. a3 exd4 10. exd4 d6 11. b4 Bg4 12. Be3 Rb8 13. h3 Bd7 14. Qc2 Ne7 15.
Bg5 Nf5 16. c5 h6 17. Bxf6 Qxf6 18. Nd5 Qd8 19. Rfe1 Be6 20. Rad1 c6 21. Ndf4
Bd7 22. Be4 Qg5 23. Kh2 d5 24. Bd3 Rbe8 25. h4 Nxh4 26. gxh4 Qxh4+ 1/2-1/2

[Event "Sparkassen-Open B"]
[Site "Heusenstamm, Martinsee"]
[Date "2018.11.24"]
[Round "5.17"]
[White "Ziegler, Christopher"]
[Black "König, Frank"]
[Result "0-1"]
[WhiteElo "1353"]
[BlackElo "1719"]
[PlyCount "76"]
[EventDate "2018.??.??"]
[WhiteTeam "SV Kelsterbach"]
[BlackTeam "SV Steinhausen"]

1. e4 d6 2. d4 Nf6 3. Nc3 Nbd7 4. f4 e5 5. dxe5 dxe5 6. Nf3 Bb4 7. Bc4 O-O 8.
Bd2 exf4 9. O-O Bxc3 10. Bxc3 Qe7 11. e5 Ng4 12. e6 fxe6 13. Qd4 Nb6 14. Bb3 c5
15. Qe4 c4 16. Bxc4 Nxc4 17. Qxc4 Ne3 18. Bb4 Nxc4 19. Bxe7 Re8 20. Bg5 e5 21.
b3 Ne3 22. Rf2 Bf5 23. c4 h6 24. Bh4 Be4 25. Re2 Bc6 26. Bf2 e4 27. Nd4 Nxg2
28. Nf5 f3 29. Rc2 e3 30. Bg3 Rad8 31. Nd6 Re6 32. c5 Be4 33. Rcc1 Bc6 34. b4
Rf8 35. Rc2 h5 36. b5 Bd5 37. h4 Rg6 38. Be1 Nxe1+ 0-1

[Event "Sparkassen-Open B"]
[Site "Heusenstamm, Martinsee"]
[Date "2018.11.24"]
[Round "5.18"]
[White "Chambers, Dominik Keith"]
[Black "Dixon, Laura Michaela"]
[Result "1/2-1/2"]
[WhiteElo "1715"]
[BlackElo "1163"]
[PlyCount "61"]
[EventDate "2018.??.??"]
[WhiteTeam "SC Lorsch"]
[BlackTeam "VSG Offenbach"]

1. Nf3 Nc6 2. g3 e5 3. d3 d5 4. Bg2 Nf6 5. O-O Bc5 6. Nbd2 O-O 7. e4 dxe4 8.
dxe4 Bg4 9. c3 Qe7 10. Qc2 Rad8 11. Nc4 Rd7 12. Be3 Rfd8 13. Bxc5 Qxc5 14. Ne3
Bxf3 15. Bxf3 b5 16. Rad1 a5 17. Rxd7 Rxd7 18. Rd1 Rxd1+ 19. Qxd1 Qd6 20. Nd5
Nxd5 21. exd5 Ne7 22. Qb3 Qc5 23. a4 b4 24. cxb4 axb4 25. Qd1 g6 26. Qe2 f6 27.
Qa6 Kg7 28. Qe6 Nf5 29. Be4 Nd4 30. Qd7+ Kh6 31. Qh3+ 1/2-1/2

[Event "Sparkassen-Open B"]
[Site "Heusenstamm, Martinsee"]
[Date "2018.11.24"]
[Round "5.19"]
[White "Zerhusen, Martin"]
[Black "Schmid, Leon"]
[Result "1-0"]
[WhiteElo "1711"]
[BlackElo "1260"]
[PlyCount "55"]
[EventDate "2018.??.??"]
[WhiteTeam "SV Oberursel"]
[BlackTeam "SF Heidesheim"]

1. d4 d5 2. c4 dxc4 3. e4 Nf6 4. Nc3 Nc6 5. Be3 e6 6. Bxc4 Bb4 7. f3 h6 8. Nge2
O-O 9. O-O a6 10. a3 Bd6 11. e5 Nxe5 12. dxe5 Bxe5 13. Qxd8 Rxd8 14. Rad1 Bd7
15. Rd2 Bc6 16. Rfd1 Rxd2 17. Rxd2 b5 18. Bd3 Bd7 19. Bf4 Bxf4 20. Nxf4 Rb8 21.
Ne4 Nxe4 22. Bxe4 Be8 23. Rc2 Rd8 24. Rxc7 Rd1+ 25. Kf2 Rd2+ 26. Kg3 Rxb2 27.
Rc8 Ra2 28. Rxe8# 1-0

[Event "Sparkassen-Open B"]
[Site "Heusenstamm, Martinsee"]
[Date "2018.11.24"]
[Round "5.21"]
[White "Stollreiter, Marc"]
[Black "Burow, Roger"]
[Result "0-1"]
[WhiteElo "1204"]
[BlackElo "1675"]
[PlyCount "112"]
[EventDate "2018.??.??"]
[WhiteTeam "Kölner SK Dr. Lasker"]
[BlackTeam "SV Kelsterbach"]

1. c4 Nf6 2. g3 c5 3. Bg2 Nc6 4. Nc3 e6 5. e4 d6 6. Nge2 Be7 7. d4 cxd4 8. Nxd4
Ne5 9. b3 Bd7 10. Bb2 a6 11. O-O Rc8 12. Qd2 h5 13. h4 Kf8 14. Rac1 Nfg4 15. f3
Nf6 16. a4 Qb6 17. Kh2 Nc6 18. Nxc6 Bxc6 19. Qc2 Qc7 20. Rcd1 Rh6 21. Bc1 Rg6
22. Ne2 Nd7 23. Nf4 Rh6 24. Nd3 Rh8 25. Nb4 Ne5 26. Nxc6 Nxc6 27. Ba3 Rd8 28.
Rd2 Rh6 29. Rfd1 e5 30. c5 Nd4 31. Qc4 dxc5 32. b4 Rc6 33. b5 axb5 34. axb5 Rf6
35. f4 b6 36. f5 Rfd6 37. Rd3 Qd7 38. Kh1 Qxb5 39. Qxb5 Nxb5 40. Rxd6 Rxd6 41.
Rxd6 Nxd6 42. Bb2 Nc4 43. Bc3 Bf6 44. Bf1 Nd6 45. Bd3 b5 46. Kg2 b4 47. Bb2 c4
48. Bc2 c3 49. Bxc3 bxc3 50. Bd3 g6 51. fxg6 fxg6 52. Kf3 Kf7 53. Ke2 Bd8 54.
Kd1 Bb6 55. Ke2 Kf6 56. Bc2 Nb5 0-1

[Event "Sparkassen-Open B"]
[Site "Heusenstamm, Martinsee"]
[Date "2018.11.24"]
[Round "5.22"]
[White "Wu, Sifan"]
[Black "Buchholz, Maja"]
[Result "0-1"]
[WhiteElo "1669"]
[BlackElo "1327"]
[PlyCount "84"]
[EventDate "2018.??.??"]
[WhiteTeam "SV Oberursel"]
[BlackTeam "SK Langen"]

1. e4 c5 2. Nf3 d6 3. d4 cxd4 4. Nxd4 Nf6 5. Nc3 g6 6. Be3 Bg7 7. f3 Nc6 8. Qd2
Bd7 9. g4 O-O 10. h4 Qa5 11. Be2 Rac8 12. h5 a6 13. O-O-O Ne5 14. Nb3 Qc7 15.
Kb1 b5 16. Rc1 Nc4 17. Bxc4 bxc4 18. Nd4 Rb8 19. Ka1 a5 20. hxg6 fxg6 21. Bh6
Bxh6 22. Qxh6 Qb6 23. Rb1 Qxd4 24. g5 Rf7 25. gxf6 Qxf6 26. Rbg1 a4 27. a3 Bc6
28. Rg5 e6 29. Rhg1 Rg7 30. Qh2 Rgb7 31. Qh6 Be8 32. Rh1 Qxf3 33. Ra5 Rxb2 34.
Qxh7+ Kf8 35. Qh8+ Ke7 36. Ra7+ Kd8 37. Rc1 Qf2 38. Nd1 Qxa7 39. Nxb2 Qe3 40.
Qf6+ Kd7 41. Rh1 Qxa3+ 42. Kb1 c3 0-1

[Event "Sparkassen-Open B"]
[Site "Heusenstamm, Martinsee"]
[Date "2018.11.24"]
[Round "5.24"]
[White "Goetz, Fenja"]
[Black "Leichum, Engelbert"]
[Result "0-1"]
[WhiteElo "1343"]
[BlackElo "1700"]
[PlyCount "82"]
[EventDate "2018.??.??"]
[WhiteTeam "SK Bad Homburg"]
[BlackTeam "vereinslos"]

1. e4 d5 2. exd5 Nf6 3. c4 e6 4. dxe6 Bxe6 5. d4 Bb4+ 6. Nc3 Ne4 7. Bd2 Qxd4 8.
Nxe4 Qxe4+ 9. Qe2 Bxd2+ 10. Kxd2 Qd4+ 11. Kc1 Nc6 12. Nf3 Qf6 13. Qe3 O-O-O 14.
Qg5 Qxg5+ 15. Nxg5 Rhe8 16. Nxe6 Rxe6 17. g3 Re1+ 18. Kc2 Rxa1 19. Bh3+ Kb8 20.
Rxa1 Re8 21. Rd1 Re2+ 22. Rd2 Nb4+ 23. Kd1 Rxd2+ 24. Kxd2 Nxa2 25. Bf5 g6 26.
Bd7 Nb4 27. Kc3 c5 28. Bb5 Kc7 29. Be8 f6 30. f4 Kd6 31. Bf7 Ke7 32. Bg8 h6 33.
Bh7 Kf7 34. f5 g5 35. Bg6+ Ke7 36. Bh5 Kd6 37. Bf3 Ke5 38. g4 Kf4 39. Be2 Nc6
40. b3 Ne5 41. Kd2 Nxg4 0-1

[Event "Sparkassen-Open B"]
[Site "Heusenstamm, Martinsee"]
[Date "2018.11.24"]
[Round "5.25"]
[White "Schneider, Ferdinand"]
[Black "Fuchs, Andreas"]
[Result "1/2-1/2"]
[WhiteElo "1449"]
[BlackElo "1661"]
[PlyCount "154"]
[EventDate "2018.??.??"]
[WhiteTeam "Elberfelder SG"]
[BlackTeam "SC Ober-Ramstadt"]

1. e4 e6 2. d4 d5 3. exd5 exd5 4. Bd3 Nc6 5. Ne2 Bd6 6. O-O Nge7 7. Nd2 Bg4 8.
f3 Bh5 9. c4 dxc4 10. Nxc4 Bg6 11. Be3 O-O 12. Rc1 Nd5 13. Bf2 Nf4 14. Bxg6
hxg6 15. Nxf4 Bxf4 16. Rc3 Qd5 17. Be3 Bxe3+ 18. Nxe3 Qxd4 19. Qxd4 Nxd4 20.
Rd3 Ne6 21. Rd7 Rfd8 22. Rfd1 Kf8 23. Nc4 Rxd7 24. Rxd7 Rd8 25. Rxd8+ Nxd8 26.
Kf2 Ke7 27. Ke3 Ke6 28. Ke4 Nc6 29. g4 f5+ 30. Kf4 Nb4 31. a3 Nd3+ 32. Kg5 fxg4
33. fxg4 b5 34. Ne3 Kf7 35. Nd1 c5 36. h3 a5 37. Kh4 c4 38. Kg3 b4 39. axb4
axb4 40. Kf3 Nc5 41. Ke3 Ne6 42. Kf2 Kf6 43. Kf3 Ke5 44. Ke3 Nc5 45. g5 Ne4 46.
h4 c3 47. bxc3 bxc3 48. Kd3 c2 49. Kxc2 Kf4 50. Kd3 Kf3 51. Ne3 Nf2+ 52. Kd2
Ng4 53. Nd5 Kg3 54. Ne7 Ne5 55. Nxg6 Nf3+ 56. Ke3 Nxh4 57. Nxh4 Kxh4 58. Kf4 g6
59. Kf3 Kxg5 60. Kg3 Kf5 61. Kf3 g5 62. Kg3 g4 63. Kg2 Kf4 64. Kf2 g3+ 65. Kg2
Kg4 66. Kg1 Kf3 67. Kf1 Kg4 68. Kg2 Kh4 69. Kg1 Kh3 70. Kh1 Kh4 71. Kg2 Kg4 72.
Kg1 Kf3 73. Kf1 Ke3 74. Kg2 Kf4 75. Kg1 Kf3 76. Kf1 g2+ 77. Kg1 Kg3 1/2-1/2

[Event "Sparkassen-Open B"]
[Site "Heusenstamm, Martinsee"]
[Date "2018.11.24"]
[Round "5.26"]
[White "Aravindan, Midhulan"]
[Black "Firinci, Erdem"]
[Result "1/2-1/2"]
[WhiteElo "1407"]
[BlackElo "1645"]
[PlyCount "133"]
[EventDate "2018.??.??"]
[WhiteTeam "SV Hofheim"]
[BlackTeam "SF Heusenstamm"]

1. e4 c5 2. Nf3 d6 3. Bb5+ Nc6 4. d4 cxd4 5. Nxd4 Bd7 6. Bc4 Nxd4 7. Qxd4 e5 8.
Qe3 Nf6 9. Nc3 Be7 10. Nd5 Nxd5 11. Bxd5 Bc6 12. Bb3 O-O 13. O-O Bf6 14. Rd1
Qc7 15. Re1 Rad8 16. c4 b6 17. Bd2 Qb7 18. Bc3 Rfe8 19. Rad1 h6 20. Qf3 a5 21.
a3 a4 22. Ba2 Qc7 23. Bd2 Qe7 24. Be3 Rb8 25. Rd2 Qb7 26. Bb1 Qe7 27. Red1 Red8
28. h3 b5 29. cxb5 Bxb5 30. Qg3 Bg5 31. Bxg5 hxg5 32. Qe3 Bc4 33. f3 Bb3 34.
Bc2 Bxc2 35. Rxc2 Rb3 36. Rd3 Rdb8 37. Rcd2 R8b6 38. Qe2 Qc7 39. Kh2 Rxd3 40.
Qxd3 Qb8 41. Qc3 Rb3 42. Qc1 Kh7 43. Rc2 Qd8 44. Rc4 d5 45. exd5 Qxd5 46. Qc2+
g6 47. Rxa4 Rd3 48. Qc4 Qd7 49. Ra8 Qf5 50. Qe4 Qxe4 51. fxe4 Rb3 52. Re8 Rxb2
53. Rxe5 Ra2 54. Ra5 Kg7 55. Kg3 Kf6 56. Ra8 Ke5 57. Kf3 Rb2 58. a4 Rb3+ 59.
Kg4 Kxe4 60. Kxg5 Rg3+ 61. Kf6 Rxg2 62. Kxf7 Rh2 63. a5 Kd5 64. a6 Kc6 65. Rb8
Ra2 66. h4 Rxa6 67. Re8 1/2-1/2

[Event "Sparkassen-Open B"]
[Site "Heusenstamm, Martinsee"]
[Date "2018.11.24"]
[Round "5.27"]
[White "Strate, Wolfgang"]
[Black "Zimmer, Holger"]
[Result "1-0"]
[WhiteElo "1645"]
[BlackElo "1394"]
[PlyCount "59"]
[EventDate "2018.??.??"]
[WhiteTeam "SC Eschbach"]
[BlackTeam "SF Heidesheim"]

1. d4 e6 2. Bf4 d5 3. e3 Nf6 4. Nf3 Bd6 5. Bxd6 Qxd6 6. c3 c5 7. Bd3 cxd4 8.
cxd4 Qb4+ 9. Qd2 Nc6 10. a3 Qb6 11. b4 Bd7 12. Nc3 Rc8 13. O-O Ne7 14. Ne5 O-O
15. Nxd7 Nxd7 16. Na4 Qd6 17. Nc5 Rc7 18. Rfc1 Rfc8 19. Bb5 a6 20. Bxd7 Rxd7
21. Nxd7 Rxc1+ 22. Rxc1 Qxd7 23. Qc2 Nc6 24. Qc5 f5 25. Kf1 g5 26. a4 Ne7 27.
b5 Qe8 28. bxa6 bxa6 29. a5 Qg6 30. Qxe7 1-0

[Event "Sparkassen-Open B"]
[Site "Heusenstamm, Martinsee"]
[Date "2018.11.24"]
[Round "5.28"]
[White "Leach, Julien"]
[Black "Ilievski, Kosto"]
[Result "0-1"]
[WhiteElo "1635"]
[BlackElo "1387"]
[PlyCount "118"]
[EventDate "2018.??.??"]
[WhiteTeam "SC Bad Soden"]
[BlackTeam "SC Groß-Zimmern"]

1. d4 d5 2. Bf4 Nf6 3. e3 e6 4. Nf3 Bd6 5. Bg3 b6 6. Bd3 Bb7 7. Nbd2 h6 8. c3
Qe7 9. a4 a5 10. Ne5 Bxe5 11. Bxe5 Ba6 12. Qe2 O-O 13. O-O Bxd3 14. Qxd3 c6 15.
e4 Nbd7 16. exd5 cxd5 17. Qg3 Nxe5 18. Qxe5 Rac8 19. f4 Qc7 20. Qe2 Rfe8 21.
Qf3 g6 22. Rfe1 Kh7 23. Re2 Re7 24. Nf1 Ne4 25. Ne3 f5 26. Rc2 Qd6 27. Rac1
Rec7 28. Qe2 Qd7 29. Ra1 Qe7 30. Qb5 Rb7 31. Rcc1 Nd6 32. Qd3 Rbc7 33. Qa6 Rb7
34. c4 dxc4 35. Nxc4 Nxc4 36. Rxc4 Rxc4 37. Qxc4 Qd6 38. g3 Rd7 39. Rd1 g5 40.
fxg5 hxg5 41. Qd3 Kh6 42. b3 Qd5 43. Qe3 Kg6 44. Re1 Qxd4 45. Qxd4 Rxd4 46.
Rxe6+ Kh5 47. Rxb6 Kg4 48. Kf2 Rd2+ 49. Ke3 Rxh2 50. Rb5 Rh3 51. Rxa5 Rxg3+ 52.
Kf2 Rxb3 53. Rb5 Ra3 54. a5 f4 55. Kg2 Kh4 56. Kf2 g4 57. Kf1 Ra2 58. Kg1 f3
59. Kf1 Kg3 0-1